Music Quiz

Random Music or State Quiz

Gut The Van (dispatch) Quiz Stats

 Plays Quiz not verified by Sporcle

Challenge
Share
Tweet
Embed
Score 0/23 Timer 06:00
0 Plays Today
Album Song % Correct
Gut The Van 1The General
100%
Gut The Van 15/4 Here We Go
80%
Gut The Van 2Elias
75%
Gut The Van 1Flying Horses
70%
Gut The Van 2Bang Bang
70%
Gut The Van 1Open Up
65%
Gut The Van 1Bats In The Belfry
65%
Gut The Van 2Two Coins
65%
Gut The Van 2Water Stop
65%
Gut The Van 2Mission
60%
Gut The Van 1Lightning
55%
Gut The Van 1Out Loud
55%
Album Song % Correct
Gut The Van 1Prince Of Spades
55%
Gut The Van 2Railway
55%
Gut The Van 1Cut It Ya Match It
50%
Gut The Van 2Cover This
50%
Gut The Van 1Bullet Holes
45%
Gut The Van 2Steeples
45%
Gut The Van 2Carry You
40%
Gut The Van 2Time Served
40%
Gut The Van 1Passerby
35%
Gut The Van 1Even
25%
Gut The Van 2Questioned Apocalypse
25%

You're not logged in!

Compare scores with friends on all Sporcle quizzes.
OR
Log In

You Might Also Like...

Show Comments

Extras

Top Quizzes Today


Score Distribution

Your Account Isn't Verified!

In order to create a playlist on Sporcle, you need to verify the email address you used during registration. Go to your Sporcle Settings to finish the process.

Report this User

Report this user for behavior that violates our Community Guidelines.

Details: